1764 1687 1377 1671 1891 1251 1903 1280 1156 1951 1347 1901 1709 1308 1182 1926 1801 1444 1174 1581 1966 1606 1259 1233 1340 1025 1889 1448 1088 1708 1262 1216 1245 1240 1776 1485 1654 1609 1976 1329 1024 1003 1281 1510 1209 1640 1851 1533 1517 1515 1595 1033 1090 1161 1483 1383 1845 1421 1839 1495 1148 1518 1991 1094 1825 1800 1609 1668 1474 1766 1319 1465 1535 1288 1818 1421 1918 1965 1991 1416 1668 1235 1047 1976 1733 1479 1891 1214 1831 1799 1286 1614 1158 1112 1636 1965 1744 1580 1103 BCNSPRNW ULIB Ver.6.0+V

เปลี่ยนเป็นภาษาไทย

Change to English
 แสดงรายละเอียดบรรณานุกรม
  กลับหน้าหลัก

Brief Record : Get Marc (ISO 2709) : E-mail record : QR code < ปิดหน้าต่าง
LEADER : 00000nam 2200000uu 4500
001    13399120628
003     ULIB
008    020711s2551 th a 000 0 tha d
020    9789742367688
050  4 AC158^bท124ม
100    ทรงกลด บางยี่ขัน
245    หมอก /^cทรงกลด บางยี่ขัน
260    กรุงเทพฯ :^bอะบุ๊ก,^c2551
300    264 หน้า
945    ^p160^l0^i15739
999    ^aทศพร เกษรทอง
รายการนี้ยังไม่มีแท็ก
คุณยังไม่ได้ล็อกอิน คุณสามารถมีกิจกรรมร่วมกับเว็บไซต์ได้ แต่ต้องล็อกอินก่อน ::
  ล็อกอิน

รายการสื่อสารสนเทศ

ลำดับที่ ประเภท เลขเรียก/บาร์โค้ด สถานที่ สถานะ
1. วิทยาศาสตร์การแพทย์ และสุขภาพ
วิทยาศาสตร์การแพทย์ และสุขภาพ
AC158 ท124ม ฉ.1 
  Barcode: 15739
ห้องสมุดวิทยาเขตสวรรค์ประชารักษ์
►หนังสือทั่วไป
บนชั้น

รายการใกล้เคียง
    ผู้แต่ง [ทรงกลด บางยี่ขัน]

BibComment


ยังไม่เคยถูกคอมเมนท์

คอมเมนท์ทรัพยากรรายการนี้
  คอมเมนท์: หมอก ทรงกลด บางย..


 Copyright 2026. Bcnsprnw @Library